[Event "SK Münster 3 - SF Olfen 1"]
[Site "Regionalliga 2016/2017"]
[Date "2017.05.13"]
[Round "9.1"]
[White "Koke, Christoph"]
[Black "Baumann, Stephan"]
[Result "1-0"]
[WhiteElo "2073"]
[BlackElo "2003"]
[PlyCount "77"]
[EventDate "2017.??.??"]
[SourceDate "2016.10.07"]

1. d4 Nf6 2. Nf3 c5 3. d5 e6 4. c4 b5 5. dxe6 fxe6 6. cxb5 d5 7. Bf4 Bd6 8. e3
O-O 9. Nbd2 Bc7 10. Rc1 Nbd7 11. Nd4 Nb8 12. Bxc7 Qxc7 13. Be2 Qd6 14. N4b3 c4
15. Nxc4 Qb4+ 16. Ncd2 Nbd7 17. O-O Ne5 18. a3 Qd6 19. Nc4 Nxc4 20. Rxc4 Bd7
21. Ra4 Rfb8 22. Ra5 e5 23. Qd3 Rb6 24. Rc1 e4 25. Qd4 Bg4 26. Bf1 Nd7 27. Rc6
Rxc6 28. bxc6 Qxc6 29. Qxd5+ Qxd5 30. Rxd5 Rb8 31. Rb5 Rc8 32. h3 Be6 33. Nd4
Ba2 34. Be2 Rc7 35. g4 Bb1 36. Rd5 Nb6 37. Rd6 Na4 38. b3 Nc3 39. Bc4+ 1-0

[Event "SK Münster 3 - SF Olfen 1"]
[Site "Regionalliga 2016/2017"]
[Date "2017.05.13"]
[Round "9.4"]
[White "Meyer, Ulrich"]
[Black "Preuß, Richard"]
[Result "1-0"]
[WhiteElo "1932"]
[BlackElo "1748"]
[PlyCount "45"]
[EventDate "2017.??.??"]
[SourceDate "2016.10.07"]

1. e4 e6 2. d4 d5 3. e5 c5 4. c3 Nc6 5. Nf3 Bd7 6. dxc5 Bxc5 7. b4 Be7 8. Bf4
f6 9. Bd3 fxe5 10. Nxe5 Nf6 11. O-O O-O 12. Bg3 Nxe5 13. Bxe5 Rc8 14. Qe2 Qb6
15. Nd2 Bd6 16. Bd4 Qc7 17. Nf3 Ng4 18. Rae1 Nxh2 19. Ne5 Nxf1 20. Qh5 Rf5 21.
Bxf5 exf5 22. Qf7+ Kh8 23. Ng6+ 1-0

[Event "SK Münster 3 - SF Olfen 1"]
[Site "Regionalliga 2016/2017"]
[Date "2017.05.13"]
[Round "9.5"]
[White "Pinno, Gregor"]
[Black "Freise, Eckhard"]
[Result "1/2-1/2"]
[WhiteElo "1784"]
[BlackElo "1785"]
[PlyCount "53"]
[EventDate "2017.??.??"]
[SourceDate "2016.10.07"]

1. Nf3 f5 2. e4 fxe4 3. Ng5 Nf6 4. d3 e5 5. Nxe4 Be7 6. g3 O-O 7. Bg2 c6 8. O-O
d5 9. Nxf6+ Bxf6 10. c4 dxc4 11. dxc4 Qxd1 12. Rxd1 Bg4 13. Re1 Na6 14. Nc3 Nc5
15. Ne4 Nd3 16. Re3 Rad8 17. h3 Bf5 18. Nxf6+ gxf6 19. Re2 Nxc1 20. Rxc1 Rd4
21. b3 Rfd8 22. Kh2 a5 23. g4 Bg6 24. g5 Bh5 25. Re3 Rf4 26. Rc2 Kf7 27. gxf6
1/2-1/2

[Event "SK Münster 3 - SF Olfen 1"]
[Site "Regionalliga 2016/2017"]
[Date "2017.05.13"]
[Round "9.6"]
[White "Hartmann, Steffen"]
[Black "Boenigk, Winfried"]
[Result "1/2-1/2"]
[WhiteElo "1887"]
[BlackElo "1716"]
[PlyCount "74"]
[EventDate "2017.??.??"]
[SourceDate "2016.10.07"]

1. e4 d6 2. d4 Nf6 3. Nc3 g6 4. Be3 Bg7 5. Qd2 Nc6 6. f3 e5 7. d5 Ne7 8. Bh6
O-O 9. g4 Ne8 10. O-O-O f5 11. gxf5 gxf5 12. h4 Bxh6 13. Qxh6 Rf6 14. Qd2 f4
15. Nh3 Rg6 16. Ng5 h6 17. Ne6 Bxe6 18. dxe6 Nf6 19. Bh3 Qe8 20. Qf2 Kh8 21.
Rdg1 a6 22. h5 Rxg1+ 23. Qxg1 Qg8 24. Qh2 Qg5 25. Bf1 Rg8 26. Ne2 Nxe4 27. fxe4
f3+ 28. Kd1 fxe2+ 29. Bxe2 Qe3 30. Rf1 Qxe4 31. Bd3 Qg4+ 32. Ke1 Qxe6 33. Qh4
Rg5 34. Qe4 Rg7 35. Qxb7 Qxa2 36. Qxc7 Qxb2 37. Qxd6 Qc1+ 1/2-1/2

[Event "SK Münster 3 - SF Olfen 1"]
[Site "Regionalliga 2016/2017"]
[Date "2017.05.13"]
[Round "9.7"]
[White "Limberg, Johannes"]
[Black "Niermann, Rainer"]
[Result "1/2-1/2"]
[WhiteElo "1599"]
[BlackElo "2018"]
[PlyCount "90"]
[EventDate "2017.??.??"]
[SourceDate "2016.10.07"]

1. e4 e6 2. d4 d5 3. exd5 exd5 4. Nf3 Bd6 5. Be2 Bf5 6. Nc3 c6 7. O-O Ne7 8.
Re1 Nd7 9. h3 Qc7 10. Nh4 Bg6 11. Bd3 O-O-O 12. Ne2 Nf6 13. Bg5 Ne4 14. Bxe7
Bh2+ 15. Kf1 Qxe7 16. Nf3 Bc7 17. a3 Rde8 18. b4 Bh5 19. Neg1 Qf6 20. c4 Kb8
21. b5 Ba5 22. Re2 cxb5 23. cxd5 Nd6 24. g4 Bg6 25. Ne5 Qf4 26. Rc1 Qxd4 27.
Nd7+ Ka8 28. Bxg6 Qxd1+ 29. Rxd1 hxg6 30. Rxe8+ Rxe8 31. Nf3 f6 32. Nc5 Kb8 33.
Ne6 Re7 34. Nfd4 a6 35. Nb3 Bb6 36. Rc1 Nc4 37. a4 bxa4 38. Rxc4 axb3 39. Rb4
Ba7 40. Rxb3 Rd7 41. Rd3 g5 42. d6 Bb6 43. Ke2 a5 44. Kd1 Bxf2 45. Nf8 Rd8
1/2-1/2

[Event "SK Münster 3 - SF Olfen 1"]
[Site "Regionalliga 2016/2017"]
[Date "2017.05.13"]
[Round "9.8"]
[White "Baumann, Eva"]
[Black "Limberg, Thomas"]
[Result "1/2-1/2"]
[WhiteElo "1691"]
[BlackElo "1638"]
[PlyCount "57"]
[EventDate "2017.??.??"]
[SourceDate "2016.10.07"]

1. e4 Nf6 2. Nc3 d5 3. e5 d4 4. exf6 dxc3 5. bxc3 exf6 6. Nf3 Bd6 7. Bc4 O-O 8.
O-O Nc6 9. d4 Bg4 10. h3 Bh5 11. a4 Re8 12. Be3 Ne7 13. Re1 Nf5 14. Rb1 Nxe3
15. fxe3 Bg3 16. Re2 b6 17. Qf1 Qd6 18. Rb5 c5 19. a5 Re7 20. axb6 axb6 21. Qb1
Rb8 22. dxc5 bxc5 23. Rxb8+ Qxb8 24. Qxb8+ Bxb8 25. Rd2 Kf8 26. Bb5 Rb7 27. c4
Ke7 28. Nh4 Bg6 29. Nxg6+ 1/2-1/2

[Event "Südlohner SV 1 - SK Dülmen 1"]
[Site "Regionalliga 2016/2017"]
[Date "2017.05.13"]
[Round "9.1"]
[White "Eiersbrock, Robin"]
[Black "Völker, Christian"]
[Result "1/2-1/2"]
[WhiteElo "2012"]
[BlackElo "1989"]
[PlyCount "42"]
[EventDate "2017.??.??"]
[SourceDate "2016.10.07"]

1. d4 Nf6 2. c4 c5 3. d5 b5 4. cxb5 a6 5. bxa6 g6 6. Nc3 Bxa6 7. e4 Bxf1 8.
Kxf1 d6 9. Nf3 Bg7 10. g3 O-O 11. Kg2 Nbd7 12. a4 Qa5 13. Re1 Rfb8 14. e5 dxe5
15. Nxe5 Nxe5 16. Rxe5 Ra7 17. Qe2 Qd8 18. Qc4 Nd7 19. Re4 Rb4 20. Qe2 Nf6 21.
Rc4 Nxd5 1/2-1/2

[Event "Südlohner SV 1 - SK Dülmen 1"]
[Site "Regionalliga 2016/2017"]
[Date "2017.05.13"]
[Round "9.2"]
[White "Dönnebrink, Elmar"]
[Black "Grund, Wolfgang"]
[Result "1-0"]
[WhiteElo "2040"]
[BlackElo "1875"]
[PlyCount "41"]
[EventDate "2017.??.??"]
[SourceDate "2016.10.07"]

1. e4 c5 2. Nf3 Nc6 3. Bb5 Nd4 4. Nxd4 cxd4 5. O-O e6 6. c3 a6 7. Be2 Bc5 8. d3
Ne7 9. Nd2 dxc3 10. bxc3 O-O 11. d4 Ba7 12. Ba3 d5 13. Bf3 Re8 14. Re1 dxe4 15.
Nxe4 Bb8 16. Qb3 Ng6 17. g3 Bc7 18. Rad1 Ne7 19. c4 f5 20. Nc5 Nc6 21. Nxb7 1-0

[Event "Südlohner SV 1 - SK Dülmen 1"]
[Site "Regionalliga 2016/2017"]
[Date "2017.05.13"]
[Round "9.4"]
[White "Funke, Reinhard"]
[Black "Rebber, Christian"]
[Result "1/2-1/2"]
[WhiteElo "2066"]
[BlackElo "1860"]
[PlyCount "145"]
[EventDate "2017.??.??"]
[SourceDate "2016.10.07"]

1. d4 d5 2. Nf3 Nf6 3. e3 b6 4. Bd3 Bb7 5. O-O e6 6. c4 Be7 7. Nc3 O-O 8. b3
Nbd7 9. Qe2 c5 10. Bb2 cxd4 11. exd4 Re8 12. Rad1 Rc8 13. Rfe1 Bb4 14. a3 Bd6
15. Ne5 Qe7 16. cxd5 Nxd5 17. Nxd5 Bxd5 18. Bb5 Nxe5 19. dxe5 Bxa3 20. Bxa3
Qxa3 21. Bxe8 Rxe8 22. Ra1 Qxb3 23. Reb1 Qc3 24. Rc1 Qd4 25. Rxa7 Rf8 26. Rac7
g6 27. Rd1 Qa4 28. Qd2 Qg4 29. f3 Qa4 30. Rdc1 b5 31. Qg5 Qd4+ 32. Kh1 Bc4 33.
h4 h6 34. Qg3 Ra8 35. Rc6 Ra2 36. Rd6 Qb2 37. Rdd1 Kg7 38. Rb1 Qc2 39. Rg1 Qf5
40. Rge1 Rd2 41. Rbd1 Rb2 42. Rd4 Bd5 43. Rf4 Qc2 44. Rf6 b4 45. Rg1 Qd2 46. h5
Qg5 47. Qxg5 hxg5 48. h6+ Kxh6 49. Rxf7 g4 50. fxg4 b3 51. Rf4 Re2 52. Rb4 Kg5
53. Kh2 Rxe5 54. Rd1 Re2 55. Rxd5+ exd5 56. Rxb3 Kxg4 57. Rd3 Re5 58. Rd4+ Kf5
59. Kg3 Ke6 60. Kf3 g5 61. Ra4 Kd6 62. Ra8 d4 63. Rc8 Kd5 64. Rd8+ Kc4 65. Rc8+
Rc5 66. Rd8 Kc3 67. Ke4 Rc4 68. g3 Rc7 69. g4 Rc4 70. Rd5 d3+ 71. Ke3 Rxg4 72.
Rxd3+ Kc4 73. Rd8 1/2-1/2

[Event "Südlohner SV 1 - SK Dülmen 1"]
[Site "Regionalliga 2016/2017"]
[Date "2017.05.13"]
[Round "9.5"]
[White "Schlütermann, Philipp"]
[Black "Telöken, Daniel"]
[Result "0-1"]
[WhiteElo "1829"]
[BlackElo "1893"]
[PlyCount "116"]
[EventDate "2017.??.??"]
[SourceDate "2016.10.07"]

1. Nf3 Nf6 2. g3 g6 3. Bg2 Bg7 4. O-O O-O 5. d4 d5 6. b3 Ne4 7. Bb2 a5 8. c4 c6
9. c5 Nxc5 10. Nc3 Ne4 11. Nxe4 dxe4 12. Nd2 f5 13. Qc2 Be6 14. Nc4 Qc7 15.
Rac1 Nd7 16. Rfd1 Nf6 17. Qd2 Nd5 18. Na3 Rfd8 19. e3 Nb4 20. Ba1 Bf7 21. Bf1
e5 22. Bc3 Nd5 23. dxe5 Nxc3 24. Qxc3 Bxe5 25. Qc2 Qe7 26. Nc4 Bc7 27. Nb2 Bd5
28. Na4 Rab8 29. Nc3 Bf7 30. Na4 Kg7 31. Nc3 Be5 32. Ne2 h6 33. Nd4 Qb4 34. Bc4
Bxd4 35. Rxd4 Rxd4 36. Qb2 Rbd8 37. exd4 Bd5 38. a3 Qd6 39. Bxd5 Qxd5 40. Rc5
Qxd4 41. Qxd4+ Rxd4 42. Rxa5 Kf6 43. Ra7 Rd7 44. h3 Ke6 45. Ra8 Ke5 46. Kf1 Rd6
47. Ke2 g5 48. a4 f4 49. Re8+ Kd4 50. gxf4 gxf4 51. Re7 b5 52. a5 c5 53. Kd2 b4
54. Ra7 c4 55. bxc4 Kxc4+ 56. Ke2 b3 57. Rc7+ Kb4 58. Rb7+ Ka3 0-1

[Event "Südlohner SV 1 - SK Dülmen 1"]
[Site "Regionalliga 2016/2017"]
[Date "2017.05.13"]
[Round "9.6"]
[White "Hater, Wolfgang"]
[Black "Mohnke, Martin"]
[Result "0-1"]
[WhiteElo "2024"]
[BlackElo "1926"]
[PlyCount "128"]
[EventDate "2017.??.??"]
[SourceDate "2016.10.07"]

1. e4 c5 2. Nf3 e6 3. d3 Nc6 4. c3 d5 5. Qc2 d4 6. cxd4 cxd4 7. Be2 e5 8. O-O
Be7 9. Bd2 Nf6 10. b4 a6 11. Qb2 O-O 12. a4 Bg4 13. Na3 Qb8 14. Rfc1 Rc8 15. h3
Be6 16. Ng5 Bd7 17. Nc4 b5 18. axb5 Qxb5 19. Na3 Qb8 20. Qb3 Be8 21. Rab1 h6
22. Nf3 Bd7 23. Ne1 Be6 24. Qb2 a5 25. b5 Nb4 26. Rxc8+ Bxc8 27. Nec2 Nxc2 28.
Nxc2 a4 29. Bb4 Bd8 30. Na3 Be6 31. f4 Bb6 32. f5 Bb3 33. Kf1 Qd8 34. Rc1 Nxe4
35. dxe4 d3 36. Bf3 d2 37. Qxd2 Qh4 38. Qe1 Qf4 39. Bd2 Qh2 40. Rc6 Qg1+ 41.
Ke2 Qd4 42. Rxb6 Qxb6 43. Kf1 Rc8 44. Bb4 Qd4 45. g3 Bc4+ 46. Kg2 Bd3 47. Qd2
Rd8 48. Bc3 Bf1+ 49. Kxf1 Qxd2 50. Bxd2 Rxd2 51. Nc4 Rb2 52. b6 Rxb6 53. Bd1
Rb4 54. Na3 Rxe4 55. Kf2 Kf8 56. Bc2 Rd4 57. Ke3 Ke7 58. Nb5 Rb4 59. Nc3 Rc4
60. Kd3 Rd4+ 61. Ke3 a3 62. Bb3 Kf6 63. Bc2 Ke7 64. Nb5 a2 0-1

[Event "Südlohner SV 1 - SK Dülmen 1"]
[Site "Regionalliga 2016/2017"]
[Date "2017.05.13"]
[Round "9.7"]
[White "Lödding, Detlef"]
[Black "Telöken, Andreas"]
[Result "0-1"]
[WhiteElo "1881"]
[BlackElo "1980"]
[PlyCount "116"]
[EventDate "2017.??.??"]
[SourceDate "2016.10.07"]

1. c4 e6 2. g3 d5 3. Bg2 Nf6 4. Nf3 dxc4 5. Qa4+ Bd7 6. Qxc4 c5 7. Ne5 Qc8 8.
O-O Nc6 9. Nxd7 Qxd7 10. d3 Be7 11. Be3 Rc8 12. Nd2 Nd5 13. Ne4 Nxe3 14. fxe3
b6 15. Qc3 O-O 16. Rf2 f5 17. Nd2 Bf6 18. Qb3 Na5 19. Qc2 c4 20. d4 e5 21. dxe5
Bxe5 22. Nf1 g6 23. e4 f4 24. gxf4 Rxf4 25. Rxf4 Bxf4 26. e3 Be5 27. Rd1 Qe7
28. Rd2 Rc7 29. Qd1 Nb7 30. Qg4 Nc5 31. h4 Nd3 32. h5 Kg7 33. hxg6 hxg6 34. Ng3
Bxg3 35. Qxg3 Qe5 36. Qxe5+ Nxe5 37. Kf2 Nd3+ 38. Ke2 Nc1+ 39. Kd1 Nxa2 40. e5
b5 41. e6 Kf6 42. Rd7 Rxd7+ 43. exd7 Ke7 44. Bc6 a6 45. Be4 Kxd7 46. Bxg6 Kd6
47. Kd2 Kc5 48. Bb1 Nb4 49. Be4 a5 50. Bf5 Nc6 51. Kc1 Ne5 52. Kc2 Kb4 53. Kc1
c3 54. bxc3+ Kxc3 55. Kb1 a4 56. e4 b4 57. Be6 b3 58. Bd5 Nc4 0-1

[Event "Südlohner SV 1 - SK Dülmen 1"]
[Site "Regionalliga 2016/2017"]
[Date "2017.05.13"]
[Round "9.8"]
[White "Schmeing, Walter"]
[Black "Frintrup, Karl-Heinz"]
[Result "1-0"]
[WhiteElo "2000"]
[BlackElo "1424"]
[PlyCount "62"]
[EventDate "2017.??.??"]
[SourceDate "2016.10.07"]

1. e4 c5 2. Nf3 Nc6 3. d4 cxd4 4. Nxd4 e6 5. Nc3 a6 6. a3 h6 7. Be2 Bc5 8. Nb3
Ba7 9. Qd3 Qf6 10. Be3 Bxe3 11. Qxe3 Nge7 12. O-O O-O 13. f4 e5 14. f5 Nd4 15.
Qd3 b5 16. Nxd4 exd4 17. Nd5 Nxd5 18. exd5 d6 19. Rad1 Re8 20. Rf2 Ra7 21. Qxd4
Qxd4 22. Rxd4 Rae7 23. Bd3 f6 24. a4 Re1+ 25. Rf1 Rxf1+ 26. Kxf1 Bd7 27. axb5
Bxb5 28. Bxb5 axb5 29. Rb4 Re5 30. Rxb5 Rxf5+ 31. Ke2 g5 1-0

[Event "SK Bocholt 1 - SC Gronau 1"]
[Site "Regionalliga 2016/2017"]
[Date "2017.05.13"]
[Round "9.1"]
[White "Monsma, Menno"]
[Black "Fuest, Martin"]
[Result "1/2-1/2"]
[WhiteElo "2030"]
[BlackElo "2156"]
[PlyCount "37"]
[EventDate "2017.??.??"]
[SourceDate "2016.10.07"]

1. d4 d5 2. c4 e6 3. Nc3 Nf6 4. cxd5 exd5 5. Bg5 c6 6. e3 Bf5 7. Qf3 Bg6 8.
Bxf6 Qxf6 9. Qxf6 gxf6 10. h4 Bf5 11. g3 Nd7 12. Bh3 Be6 13. Nge2 Bd6 14. Nf4
Bxf4 15. gxf4 Bxh3 16. Rxh3 Rg8 17. Rg3 Rxg3 18. fxg3 f5 19. Ke2 1/2-1/2

[Event "SK Bocholt 1 - SC Gronau 1"]
[Site "Regionalliga 2016/2017"]
[Date "2017.05.13"]
[Round "9.2"]
[White "Liesmann, Karsten"]
[Black "Langendijk, Andre"]
[Result "1/2-1/2"]
[WhiteElo "2006"]
[BlackElo "1919"]
[PlyCount "24"]
[EventDate "2017.??.??"]
[SourceDate "2016.10.07"]

1. d4 Nf6 2. Nf3 c5 3. d5 g6 4. Nc3 Bg7 5. e4 d6 6. Bb5+ Bd7 7. a4 O-O 8. O-O
Na6 9. Re1 Nc7 10. Bxd7 Nxd7 11. Bf4 a6 12. Qd2 b5 1/2-1/2

[Event "SK Bocholt 1 - SC Gronau 1"]
[Site "Regionalliga 2016/2017"]
[Date "2017.05.13"]
[Round "9.3"]
[White "Storck, Martin"]
[Black "Steiner, Karl"]
[Result "1/2-1/2"]
[WhiteElo "1927"]
[BlackElo "1930"]
[PlyCount "68"]
[EventDate "2017.??.??"]
[SourceDate "2016.10.07"]

1. c4 f5 2. Nc3 Nf6 3. d4 e6 4. g3 d5 5. a3 a5 6. Bf4 Bd6 7. Bxd6 Qxd6 8. c5
Qe7 9. Nf3 O-O 10. e3 b6 11. cxb6 cxb6 12. Qb3 Nbd7 13. Bd3 Ba6 14. Bxa6 Rxa6
15. Rc1 Rc8 16. O-O Raa8 17. Rc2 Ne4 18. Rfc1 Nd6 19. Nb5 Rxc2 20. Rxc2 Nc4 21.
Nd2 Nxd2 22. Rxd2 Rc8 23. Rc2 Qd8 24. Nd6 Rxc2 25. Qxc2 Nb8 26. Qc8 Qxc8 27.
Nxc8 Nd7 28. Kf1 Kf7 29. Ke2 Ke8 30. Kd3 Kd8 31. Nd6 Ke7 32. Nc8+ Kd8 33. Nd6
Ke7 34. Nc8+ Kd8 1/2-1/2

[Event "SK Bocholt 1 - SC Gronau 1"]
[Site "Regionalliga 2016/2017"]
[Date "2017.05.13"]
[Round "9.5"]
[White "Hoge, Torsten"]
[Black "Gajic, Goran"]
[Result "1/2-1/2"]
[WhiteElo "1899"]
[BlackElo "1953"]
[PlyCount "22"]
[EventDate "2017.??.??"]
[SourceDate "2016.10.07"]

1. c4 Nf6 2. g3 g6 3. Bg2 Bg7 4. Nc3 e5 5. d3 c6 6. Nf3 d6 7. Bd2 O-O 8. Qc1
Re8 9. O-O Nbd7 10. Bh6 Nf8 11. Bxg7 Kxg7 1/2-1/2

[Event "SK Bocholt 1 - SC Gronau 1"]
[Site "Regionalliga 2016/2017"]
[Date "2017.05.13"]
[Round "9.6"]
[White "Böing, Frank"]
[Black "Reckzügel, Philipp"]
[Result "1/2-1/2"]
[WhiteElo "1828"]
[BlackElo "1914"]
[PlyCount "29"]
[EventDate "2017.??.??"]
[SourceDate "2016.10.07"]

1. d4 Nf6 2. Nf3 d5 3. Bg5 e6 4. e3 Nbd7 5. Nbd2 Be7 6. Bd3 O-O 7. Rc1 c5 8. c3
b6 9. O-O Bb7 10. Qe2 h6 11. Bh4 Ne4 12. Bxe7 Qxe7 13. Bb1 Nxd2 14. Qxd2 Rfd8
15. Rfe1 1/2-1/2

[Event "SK Bocholt 1 - SC Gronau 1"]
[Site "Regionalliga 2016/2017"]
[Date "2017.05.13"]
[Round "9.7"]
[White "Tsoukkerman, Boris"]
[Black "Robeling, Stephan"]
[Result "1/2-1/2"]
[WhiteElo "1917"]
[BlackElo "1801"]
[PlyCount "23"]
[EventDate "2017.??.??"]
[SourceDate "2016.10.07"]

1. Nf3 Nf6 2. d4 e6 3. g3 b6 4. Bg2 Bb7 5. O-O Be7 6. c4 O-O 7. Nc3 d6 8. b4
Nbd7 9. Bb2 Re8 10. Qb3 c5 11. b5 Ne4 12. Rfd1 1/2-1/2

[Event "SK Bocholt 1 - SC Gronau 1"]
[Site "Regionalliga 2016/2017"]
[Date "2017.05.13"]
[Round "9.8"]
[White "Hellmann, Günter"]
[Black "Rothkegel, Jürgen"]
[Result "0-1"]
[WhiteElo "1609"]
[BlackElo "1846"]
[PlyCount "83"]
[EventDate "2017.??.??"]
[SourceDate "2016.10.07"]

1. d4 Nf6 2. c4 e6 3. Nc3 d5 4. Bg5 Be7 5. e3 O-O 6. Bd3 h6 7. Bh4 b6 8. cxd5
exd5 9. Nge2 Bb7 10. Qc2 Nbd7 11. O-O Re8 12. Rac1 a6 13. Bf5 Nf8 14. Na4 Bd6
15. a3 g6 16. Bd3 Kg7 17. Nac3 Ne6 18. e4 dxe4 19. Nxe4 Be7 20. Nxf6 Bxf6 21.
Bxf6+ Qxf6 22. Rfd1 Rad8 23. Qc3 Rd7 24. Bc4 b5 25. Ba2 Ng5 26. Ng3 h5 27. f3
h4 28. Nf1 Re2 29. d5 Rxb2 30. Rd2 Qxc3 31. Rxc3 Rxd2 32. Nxd2 Bxd5 33. Rc2
Bxa2 34. Rxa2 c5 35. Kf2 c4 36. Ne4 Nxe4+ 37. fxe4 Kf6 38. Re2 Ke5 39. Re3 Rd2+
40. Kf3 g5 41. h3 Kd4 42. e5 0-1

[Event "Schach Nienberge 1 - SG Turm Raesfeld/E"]
[Site "Regionalliga 2016/2017"]
[Date "2017.05.13"]
[Round "9.1"]
[White "Wilger, Frank"]
[Black "Remmeke, Hans"]
[Result "1/2-1/2"]
[WhiteElo "2065"]
[BlackElo "2134"]
[PlyCount "135"]
[EventDate "2017.??.??"]
[SourceDate "2016.10.07"]

1. d4 c5 2. d5 Nf6 3. Nc3 g6 4. e4 d6 5. h3 Bg7 6. Be3 O-O 7. Qd2 Re8 8. Bc4
Na6 9. Nf3 Nd7 10. O-O Nc7 11. Bh6 Bh8 12. Ng5 Nb6 13. Be2 f6 14. Nf3 e6 15.
dxe6 Bxe6 16. Rad1 d5 17. exd5 Nbxd5 18. Nb5 Qe7 19. Rfe1 a6 20. Nxc7 Nxc7 21.
Bc4 Qf7 22. Bxe6 Nxe6 23. Be3 Bg7 24. Qa5 Bf8 25. Rd3 Rad8 26. Red1 Rxd3 27.
Rxd3 Qe7 28. Qd2 Rd8 29. Rd5 Rxd5 30. Qxd5 Kf7 31. Nd2 Qc7 32. Qe4 Be7 33. b3
b5 34. Qa8 Qa5 35. Qh8 Qxa2 36. Qxh7+ Ng7 37. Qh4 Qxc2 38. Qf4 Qf5 39. Qc7 Qd5
40. Qa7 Nf5 41. Nf1 Qc6 42. Qb8 a5 43. Bd2 b4 44. Qa7 Nd4 45. Qxa5 Nxb3 46. Qa2
Qe6 47. Qc2 c4 48. Ne3 Nxd2 49. Qxd2 c3 50. Qd4 Qa2 51. Qe4 Qe6 52. Qh4 f5 53.
Qh7+ Ke8 54. Qh8+ Kd7 55. Qb8 Bd6 56. Qb5+ Kd8 57. Qb6+ Ke8 58. g3 Kf7 59. Qb7+
Be7 60. Qc7 Qe4 61. h4 Qe6 62. Qb7 Kf8 63. Qb8+ Kg7 64. Qb7 Kh6 65. Qb8 Kh7 66.
Qb7 Kg8 67. Qb8+ Bf8 68. Qc7 1/2-1/2

[Event "Schach Nienberge 1 - SG Turm Raesfeld/E"]
[Site "Regionalliga 2016/2017"]
[Date "2017.05.13"]
[Round "9.2"]
[White "Ringwelski, Marius"]
[Black "Greifenberg, Daniel"]
[Result "1/2-1/2"]
[WhiteElo "1998"]
[BlackElo "2019"]
[PlyCount "55"]
[EventDate "2017.??.??"]
[SourceDate "2016.10.07"]

1. d4 d5 2. Nf3 Nf6 3. c4 c6 4. e3 Bg4 5. Nc3 e6 6. h3 Bh5 7. g4 Bg6 8. Ne5
Nbd7 9. Nxg6 hxg6 10. cxd5 Nxd5 11. Nxd5 cxd5 12. Bd2 Bd6 13. Bg2 Rc8 14. O-O
Qb6 15. Qa4 Rc4 16. Qb3 Ke7 17. e4 Rxd4 18. Bc3 Rxe4 19. Bxe4 dxe4 20. Qxb6
Nxb6 21. Kg2 Nd5 22. Bd2 Bf4 23. Bxf4 Nxf4+ 24. Kg3 Ne2+ 25. Kh2 Nf4 26. Kg3
Ne2+ 27. Kh2 Nf4 28. Kg3 1/2-1/2

[Event "Schach Nienberge 1 - SG Turm Raesfeld/E"]
[Site "Regionalliga 2016/2017"]
[Date "2017.05.13"]
[Round "9.3"]
[White "Gesing, Felix"]
[Black "Kemper, Georg"]
[Result "1/2-1/2"]
[WhiteElo "1979"]
[BlackElo "1914"]
[PlyCount "74"]
[EventDate "2017.??.??"]
[SourceDate "2016.10.07"]

1. e4 e6 2. d3 d5 3. Nd2 c5 4. Ngf3 Nc6 5. g3 Bd6 6. Bg2 Nge7 7. O-O O-O 8. Qe2
f6 9. c3 Bd7 10. Re1 Be8 11. Bh3 Bf7 12. exd5 exd5 13. Nh4 Qc7 14. Be6 Rfe8 15.
Bxf7+ Kxf7 16. Qh5+ Kg8 17. Nf1 Ne5 18. f4 N5g6 19. Nxg6 hxg6 20. Qf3 d4 21.
Bd2 Nf5 22. Rxe8+ Rxe8 23. Re1 Rxe1 24. Bxe1 Qb6 25. Qd5+ Kh7 26. b3 Qa6 27. c4
Be7 28. g4 Ne3 29. Nxe3 dxe3 30. f5 g5 31. Qg2 Bd6 32. Qh3+ Kg8 33. Qxe3 Be5
34. Qe2 Qd6 35. Kg2 Kh7 36. Bg3 Bxg3 37. hxg3 Qd4 1/2-1/2

[Event "Schach Nienberge 1 - SG Turm Raesfeld/E"]
[Site "Regionalliga 2016/2017"]
[Date "2017.05.13"]
[Round "9.4"]
[White "Gottkehaskamp, Philipp"]
[Black "Brömmel, Rudolf"]
[Result "0-1"]
[WhiteElo "1926"]
[BlackElo "1910"]
[PlyCount "76"]
[EventDate "2017.??.??"]
[SourceDate "2016.10.07"]

1. d4 Nc6 2. Nf3 d6 3. g3 e5 4. dxe5 Nxe5 5. Nxe5 dxe5 6. Qxd8+ Kxd8 7. Bg2 c6
8. c3 Be6 9. a4 a5 10. Be3 Nf6 11. Nd2 Nd5 12. Bxd5 Bxd5 13. Bb6+ Kc8 14. e4
Be6 15. f4 Ra6 16. Be3 exf4 17. gxf4 f6 18. Rg1 Rg8 19. O-O-O b5 20. b3 Be7 21.
Kc2 Bd7 22. Nf3 bxa4 23. bxa4 c5 24. Ra1 Re6 25. e5 Bc6 26. Nd2 fxe5 27. f5 Rd6
28. Nc4 Be4+ 29. Kc1 Rd3 30. Bd2 Bxf5 31. Nxa5 Rgd8 32. Ra2 Bf6 33. Nc6 R8d6
34. Na7+ Kb7 35. Nb5 Rd7 36. a5 Ka6 37. c4 e4 38. Rg3 Be5 0-1

[Event "Schach Nienberge 1 - SG Turm Raesfeld/E"]
[Site "Regionalliga 2016/2017"]
[Date "2017.05.13"]
[Round "9.5"]
[White "Pollok, Ralf"]
[Black "Haas, Kai Markus"]
[Result "1-0"]
[WhiteElo "1956"]
[BlackElo "1963"]
[PlyCount "67"]
[EventDate "2017.??.??"]
[SourceDate "2016.10.07"]

1. e4 d5 2. d4 dxe4 3. Nc3 Nf6 4. Bg5 Bf5 5. Qe2 c6 6. O-O-O Nbd7 7. f3 exf3 8.
Nxf3 h6 9. Bh4 e6 10. d5 g5 11. Bg3 Bc5 12. dxe6 Bxe6 13. h4 g4 14. Ne5 Qe7 15.
h5 O-O-O 16. Nxc6 Qf8 17. Nxd8 Qxd8 18. Ne4 Nxe4 19. Qxe4 Qa5 20. Bc4 Bf5 21.
Qf4 Re8 22. Kb1 Be3 23. Qd6 Bc5 24. Qxh6 Bxc2+ 25. Kxc2 Qa4+ 26. Kb1 Qxc4 27.
Qf4 Qxf4 28. Bxf4 b6 29. h6 Rh8 30. Rh4 Nf6 31. Be5 Be7 32. Rf1 Ne4 33. Bxh8
Nd2+ 34. Ka1 1-0

[Event "Schach Nienberge 1 - SG Turm Raesfeld/E"]
[Site "Regionalliga 2016/2017"]
[Date "2017.05.13"]
[Round "9.6"]
[White "Althoff, Franz"]
[Black "Bergemann, Martin"]
[Result "0-1"]
[WhiteElo "2011"]
[BlackElo "1910"]
[PlyCount "64"]
[EventDate "2017.??.??"]
[SourceDate "2016.10.07"]

1. Nf3 Nf6 2. d4 c5 3. d5 b5 4. g3 Bb7 5. a4 a6 6. axb5 axb5 7. Rxa8 Bxa8 8. c4
bxc4 9. Nc3 e6 10. e4 Qa5 11. Bxc4 Nxe4 12. O-O Nxc3 13. bxc3 Be7 14. Qe2 O-O
15. Rd1 Bf6 16. Bb2 exd5 17. Ra1 Qb6 18. Rxa8 dxc4 19. g4 Qe6 20. Qxe6 fxe6 21.
g5 Be7 22. Kg2 Nc6 23. Ra6 Rb8 24. Bc1 Bd6 25. Be3 Rb3 26. Nd2 Rxc3 27. Ne4 Rd3
28. Ra8+ Kf7 29. h4 Be7 30. Bxc5 c3 31. Bxe7 Nxe7 32. Ra1 c2 0-1

[Event "Schach Nienberge 1 - SG Turm Raesfeld/E"]
[Site "Regionalliga 2016/2017"]
[Date "2017.05.13"]
[Round "9.7"]
[White "Suer, Julian"]
[Black "Schäfer, Günter"]
[Result "1/2-1/2"]
[WhiteElo "1730"]
[BlackElo "1883"]
[PlyCount "135"]
[EventDate "2017.??.??"]
[SourceDate "2016.10.07"]

1. e4 d6 2. d4 g6 3. Nc3 Bg7 4. Be3 Nf6 5. f3 c6 6. Qd2 b5 7. Bd3 Nbd7 8. Bh6
Bxh6 9. Qxh6 b4 10. Nce2 Qa5 11. Nf4 b3+ 12. Kf2 bxc2 13. Nxg6 fxg6 14. e5 dxe5
15. Bxg6+ Kd8 16. Ne2 Rf8 17. Bf5 e6 18. Bxe6 Ke7 19. Bf5 Qb6 20. Rhe1 Qxb2 21.
Rac1 Kd8 22. dxe5 Qxe5 23. Ng3 Qc5+ 24. Re3 Ba6 25. Qg7 Kc7 26. Rxc2 Qb5 27.
Rb3 Qe5 28. Rd2 Ne4+ 29. Nxe4 Qxg7 30. Rxd7+ Qxd7 31. Bxd7 Kxd7 32. Nc5+ Kd6
33. Nxa6 Rad8 34. Rd3+ Ke7 35. Nc5 Kf7 36. Ne4 Rb8 37. Rd7+ Kg6 38. Rxa7 Rb2+
39. Kg3 Rc2 40. Ra6 Rb8 41. Ra5 h6 42. f4 Rb5 43. Ra7 Rd5 44. Kh3 Kf5 45. Ra4
Rd3+ 46. Ng3+ Ke6 47. Re4+ Kf6 48. f5 c5 49. Re6+ Kg7 50. Rg6+ Kh7 51. Rc6 c4
52. Kg4 Rxg2 53. Rxc4 Rxh2 54. Rc7+ Kg8 55. Rc8+ Kf7 56. Rc7+ Ke8 57. Ne4 Rd4
58. Kg3 Rxa2 59. Nf6+ Kd8 60. Rc3 Ra5 61. Rf3 Rda4 62. Rd3+ Kc8 63. Rc3+ Kb7
64. Rb3+ Kc6 65. Ng4 h5 66. Nh6 Ra3 67. Rxa3 Rxa3+ 68. Kh4 1/2-1/2